00521nam a2200157Ia 4500008004100000082001000041100002700051245004100078600001200119630004100131700001200172730004100184942000900225999001700234952011200251090122s9999 xx 000 0 und d b10684 aGardnerbErlecStanley aThe Case of the Long - Legged Models aGardner aThe Case of the Long - Legged Models aGardner aThe Case of the Long - Legged Models cBOOK c34761d34761 00104070aDOMGRANTHbDOMGRANTHd2009-01-22l0o10684pDOM-10684r2009-01-22 00:00:00t1w2009-01-22yBOOK